Missing Word: Best Pictures (A-Z) Quiz Stats

Quiz Updated May 8, 2018

Challenge
Share
Tweet
Embed
Score 0/24 Timer 03:00
1 Play Today
Best Picture Missing Word % Correct
_____ with the WindGone
98.1%
_____ GumpForrest
98.1%
One Flew over the Cuckoo's _____Nest
98%
Slumdog _____Millionaire
96.3%
No Country for _____ MenOld
95.8%
_____ Happened One NightIt
95.7%
Dances With _____Wolves
95.2%
The _____ SpeechKing's
93%
_____ of EndearmentTerms
92.8%
All _____ on the Western FrontQuiet
92.1%
The Best _____ of Our LivesYears
91.4%
The Hurt _____Locker
91.2%
Best Picture Missing Word % Correct
The Bridge on the _____ KwaiRiver
91%
_____ ListSchindler's
89.1%
An American in _____Paris
88.6%
The _____ HunterDeer
84.8%
Annie _____Hall
84%
All About _____Eve
80.6%
Out of _____Africa
80.2%
Mutiny on the _____Bounty
79.5%
Tom _____Jones
76.3%
_____ of FireChariots
70.7%
How Green Was My _____Valley
65.8%
The Life of Emile ____Zola
45%

Today's Daily Dose

Missing Word
Fruity Song Titles

Quick Pick
Double Blanks

On This Day
June 22nd II

You're not logged in!

Compare scores with friends on all Sporcle quizzes.
Join for Free
OR
Log In

You Might Also Like...

Show Comments

Extras

Top Quizzes Today


Score Distribution

Your Account Isn't Verified!

In order to create a playlist on Sporcle, you need to verify the email address you used during registration. Go to your Sporcle Settings to finish the process.

Report this User

Report this user for behavior that violates our Community Guidelines.

Details: